Laporan Ekonomi 1994/95

Bibliographic Details
Corporate Author: Malaysia
Format: Book
Language:Malay
Published: Kuala Lumpur : Kementerian Kewangan Malaysia 1994
Subjects:

MARC

LEADER 00000cam a2200000 7i4500
001 0000026668
005 20241115.0
008 240425 my a may
022 |a 01268171 
040 |a INS   |b eng   |e rda 
090 0 0 |a RHC445.5.Z7   |b .L299 1994 
245 0 0 |a Laporan Ekonomi 1994/95 
264 1 |a Kuala Lumpur :   |b Kementerian Kewangan Malaysia   |c 1994 
300 |a 1 v. (various pagings) :   |b colour illustrations ;   |c 27 cm. 
336 |a text  |2 rdacontent 
337 |a unmediated  |2 rdamedia 
338 |a volume  |2 rdacarrier 
651 0 |a Malaysia   |x Economic conditions   |y Periodicals 
651 0 |a Malaysia   |x Economic policy   |y Periodicals 
710 2 |a Malaysia ,   |c Kementerian Kewangan 
999 |a 0000005543   |b BOOK   |c Reference   |e Default branch 
999 |a SER0007511   |b BOOK   |c Red Spot   |e Default branch